000 00937nam a22001937a 4500
008 100715s2000 xxu||||| |||| 00| 0 ara d
020 _a9772090570
082 _222
_a342.6207
_bر ف ا
100 1 _916304
_aالرفاعى ، يحيى
245 _aإستقلال القضاء :
_bومحنة الانتخابات /
_cيحيى الرفاعى ؛ رأى وتعقيب طارق البشرى ... [واخ .]
260 _aالقاهرة :
_bالمكتب الصري الحديث ،
_c2000.
300 _a322 ص ؛
_c24 سم.
490 _916305
_aحديث الحقائق والوثائق
541 _aألف باء ؛
_cشراء ؛
650 _916306
_aقانون الانتخابات
_zمصر
700 _916307
_aالبشرى ، طارق
942 _2ddc
_cBB
999 _c14482
_d14482